| 000 | 00757nam a22002297a 4500 | ||
|---|---|---|---|
| 999 |
_c18096 _d18096 |
||
| 003 | AR-CdUCM | ||
| 008 | 190511b ||||| |||| 00| 0 spa d | ||
| 040 |
_aMUNICIPALIDAD PROVINCIAL DEL CUSCO _cBIBLIOTECA MUNICIPAL DEL CUSCO |
||
| 082 |
_a376.109 / _bCH25 |
||
| 100 |
_aChauncey, Henry _938477 |
||
| 245 | _aLa educación preescolar en la Unión Soviética / | ||
| 260 |
_aBarcelona : _bFontanella, _c1972. |
||
| 300 |
_a292 páginas ; _c19 cm. |
||
| 440 |
_aEducación ; _n14 _938478 |
||
| 505 | _aContenido: t.1. Programa de enseñanza. | ||
| 650 |
_aEducación inicial _93463 |
||
| 650 |
_aJardines de infancia _938479 |
||
| 650 |
_aRusia _9499 |
||
| 700 |
_aBerdagué, Roser (traductor) _938480 |
||
| 942 |
_2ddc _cLIBROS |
||
| 945 |
_aacv _d2019-05-11 |
||